000 00830nam a22001937a 4500
003 BD-DhUL
005 20170402114916.0
008 160117s1921 ii ||||| |||| 00| 0 ben
040 _aBD-DhUL
_cBD-DhUL
082 _a059.9144
_bBAN
245 _aবঙ্গীয় মুসলমান সাহিত্য পত্রিকা :
_b৪র্থ বর্ষ, ১৩২৮ /
260 _aকলকাতা :
_bমিত্র ও ঘোষ;
_c1921.
300 _a৩৩০ পৃ. :
_bচিত্র ;
_c২১ সেমি.
504 _aগ্রন্থপঞ্জিগত তথ্য ও র্নিঘণ্ট সংবলিত ।
650 0 _aবাংলা সাহিত্য
650 0 _aBangla Literature
700 _aমোহাম্মদ শহিদুল্লাহ
942 _2ddc
_cREF
999 _c170822
_d170822